000 00726nam a22002177a 4500
005 20240530110913.0
008 220326s2008 a f 000 0 ARA d
017 _a2007/6887224
_bمصر. دار الكتب
020 _a977368158
040 _aEG-CaGPL
_cEG-CaGPL
082 0 4 _221
_a745.592\
_bع م
100 0 _aعزيز يوسف
245 0 2 _aالمرشد العملى فى تصميم عرائس المسرح /
_cتاليف عزيز يوسف
250 _aط.1
260 _aالقاهرة :
_bمؤسسة حورس الدولية ،
_c2008
300 _a180 ص. ؛
_c24 سم
650 0 7 _2qrmak
_aعرائس المسرح
651 _2qrmak
942 _2ddc
_cBK
999 _c66344
_d66344